000 00476nam a2200169 a 4500
005 20140412111325.0
008 110115s19uu xx 00 eng d
020 _a0-89565-679-5
050 _aTR(PS E
_bIc2 1988
100 _aMoncure, Jane Belk
245 _aIce cream cows and the mitten sheep /
_cJane Belk Moncure.
260 _aMinnesota :
_bThe Child's world,
_c1988.
300 _a31p.
440 _aMagic Castle readers
650 _aFarm Animals
999 _c104582
_d104582